000 003270000a22001450004500
003 MACL
040 _aMACL
090 _c33748
_d33746
100 _aDavis, Guy Hart
245 _aMP3 I did't Know you could do that
260 _bBPB Publications
_c1999
350 _a150
650 _aComputer Science
942 _cBOOK
_k004/DAV
999 _c33396
_d33396